000 00641nam a2200205Ii 4500
003 JO-AjNU
008 230605s9999||||xx |||||||||||||| ||und||
040 _aJO-AjNU
_bara
_erda
_cJO-AjNU
041 _aara
050 1 4 _aBP173.7.G4.1982
100 3 _aالغضبان، منير محمد,
_eauthor
_959360
245 0 0 _aالتحالف السياسي في الاسلام
250 _aط1
264 3 1 _aالزرقاء: مكتبة المنار، 1982
300 _a108ص
336 _atext
_btxt
_2rdacontent
337 _aunmediated
_bn
_2rdamedia
338 _avolume
_bnc
_2rdacarrier
650 4 _aالاسلام والسياسة
_959361
999 _aA26708
_c30276
_d30276